[Event "ECC"]
[Site "Rethymnon GRE"]
[Date "2003.10.01"]
[Round "4"]
[White "Fahrner,K"]
[Black "Polzin,R"]
[Result "0-1"]
[WhiteElo "2369"]
[BlackElo "2464"]
[EventDate "2003.09.28"]

1. f4 d5 2. g3 h5 3. Nf3 Bg4 4. Bg2 Nd7 5. Nc3 c6 6. d3 Ngf6 7. O-O Qc7 8.
e4 dxe4 9. dxe4 e5 10. h3 Bc5+ 11. Kh1 h4 12. Qe1 Bxf3 13. Rxf3 Nh5 14.
gxh4 Nxf4 15. Bxf4 exf4 16. e5 Be3 17. Nd1 Nxe5 18. Rf1 Bb6 19. Rxf4 O-O-O
20. Re4 Ng6 21. Nc3 f5 22. Rc4 Rde8 23. Qd2 Nxh4 24. Nb5 Qg3 25. Nd6+ Kb8
26. Nxe8 Nxg2 27. Qd6+ Qxd6 28. Nxd6 Ne3 29. Rc3 Rxh3+ 30. Kg1 Nxc2+ 31.
Kf1 Rxc3 32. Nxf5 Rf3+ 0-1

[Event "ECC"]
[Site "Rethymnon GRE"]
[Date "2003.10.01"]
[Round "4"]
[White "Berndt,S"]
[Black "Herndl,H"]
[Result "1/2-1/2"]
[WhiteElo "2462"]
[BlackElo "2334"]
[EventDate "2003.09.28"]

1. e4 e6 2. d4 d5 3. Nc3 Nf6 4. e5 Nfd7 5. f4 c5 6. Nf3 Nc6 7. Be3 cxd4 8.
Nxd4 Bc5 9. Qd2 O-O 10. O-O-O a6 11. Kb1 Bxd4 12. Bxd4 b5 13. Bf2 Qa5 14.
Bd3 b4 15. Ne2 Nc5 16. Bxc5 Qxc5 17. Nc1 a5 18. Rhe1 a4 19. g4 Ba6 20. f5
Rfc8 21. f6 g6 22. h4 Bxd3 23. Nxd3 Qf8 24. h5 b3 25. Rh1 bxc2+ 26. Qxc2 g5
27. Qd2 h6 28. Rc1 1/2-1/2

[Event "ECC"]
[Site "Rethymnon GRE"]
[Date "2003.10.01"]
[Round "4"]
[White "Poldauf,D"]
[Black "Loebler,H"]
[Result "1/2-1/2"]
[WhiteElo "2404"]
[BlackElo "2216"]
[EventDate "2003.09.28"]

1. c4 f5 2. g3 Nf6 3. Bg2 g6 4. Nc3 Bg7 5. d3 O-O 6. e4 fxe4 7. dxe4 d6 8.
Nge2 c5 9. O-O Nc6 10. Nd5 Ng4 11. f3 Nge5 12. Qc2 e6 13. Nef4 a6 14. Nd3
Nxd3 15. Qxd3 Nd4 16. Be3 e5 17. Bxd4 exd4 18. Qd2 b5 19. b3 Qe7 20. h4
bxc4 21. bxc4 Be6 22. Kh2 Qf7 23. Rac1 Rab8 24. Rc2 Qd7 25. f4 Bg4 26. Re1
Rfe8 27. Qd3 Kh8 1/2-1/2

[Event "ECC"]
[Site "Rethymnon GRE"]
[Date "2003.10.01"]
[Round "4"]
[White "Pfaffel,T"]
[Black "Thiede,L"]
[Result "0-1"]
[WhiteElo "2126"]
[BlackElo "2440"]
[EventDate "2003.09.28"]

1. e4 e5 2. Nf3 Nc6 3. Bc4 Bc5 4. d3 d6 5. h3 Na5 6. Nbd2 Nf6 7. O-O c6 8.
Nb3 Nxb3 9. Bxb3 O-O 10. c3 Qe7 11. Re1 Kh8 12. a3 Bb6 13. Bc2 Bd7 14. d4
Rad8 15. Be3 Bc8 16. Qd2 h6 17. Rad1 Nh7 18. Qe2 Qf6 19. Rd2 Rfe8 20. Red1
exd4 21. cxd4 g5 22. e5 Qg7 23. g4 Be6 24. Qd3 f6 25. exd6 Rxd6 26. Qg6
Qxg6 27. Bxg6 Red8 28. Bc2 Nf8 29. Nh2 Bd5 30. Nf1 Bf3 31. Re1 h5 32. Bd1
hxg4 33. hxg4 Bd5 34. Ng3 Ng6 35. Nf5 R6d7 36. f3 Bc7 37. Kg2 Rh7 38. Rh1
Rxh1 39. Kxh1 Rd7 40. Kg1 Rh7 41. Bf2 Bh2+ 42. Kf1 Bf4 43. Ne3 Nh4 44. Rc2
Bxf3 45. d5 Bxe3 46. Bxf3 Nxf3 47. Bxe3 cxd5 48. Rc8+ Kg7 49. Rd8 a6 50.
Kg2 Ne5 51. Kg3 Rh4 52. Rxd5 Rxg4+ 53. Kf2 Re4 54. Bd4 Kg6 55. Bc3 Kf5 56.
Rd6 Rf4+ 57. Kg3 Rg4+ 58. Kf2 Rh4 59. Kg3 Rh7 60. Rd8 Re7 61. Bb4 Re6 62.
Rb8 b5 63. Rf8 Ke4 64. Rg8 Nd3 65. Bc3 Nf4 66. Kg4 Nd5 67. Ba5 Ne3+ 68. Kg3
Nc4 69. Bc3 Nb6 0-1

[Event "ECC"]
[Site "Rethymnon GRE"]
[Date "2003.10.01"]
[Round "4"]
[White "Wendt,J"]
[Black "Herndl,G"]
[Result "1-0"]
[WhiteElo "2291"]
[BlackElo "2181"]
[EventDate "2003.09.28"]

1. Nf3 d5 2. d4 e6 3. c4 c6 4. Qc2 f5 5. Bf4 Nf6 6. e3 Be7 7. Nc3 O-O 8.
Bd3 Ne4 9. g4 Nd7 10. gxf5 exf5 11. cxd5 cxd5 12. Nxd5 Qa5+ 13. Ke2 Bd8 14.
Rhg1 Ndf6 15. Nc7 Rb8 16. Rac1 Bd7 17. Qb3+ Kh8 18. Ne6 Bxe6 19. Qxe6 Ra8
20. Rxg7 Kxg7 21. Rg1+ Kh8 22. Bh6 Ng4 23. Bxf8 Bf6 24. h3 Rxf8 25. hxg4
Qb4 26. Qb3 Qa5 27. Qxb7 fxg4 28. Rxg4 1-0

[Event "ECC"]
[Site "Rethymnon GRE"]
[Date "2003.10.01"]
[Round "4"]
[White "Jeremic,V"]
[Black "Chuchelov,V"]
[Result "1/2-1/2"]
[WhiteElo "2467"]
[BlackElo "2608"]
[EventDate "2003.09.28"]

1. d4 Nf6 2. Nf3 e6 3. g3 c5 4. Bg2 cxd4 5. Nxd4 a6 6. O-O Qc7 7. b3 d5 8.
Bb2 Be7 9. Nd2 e5 10. N4f3 Nc6 11. e3 O-O 12. c4 Rd8 13. cxd5 Nxd5 14. Qb1
Ndb4 15. Rd1 Bg4 16. Qe4 Bh5 17. Nc4 f6 18. Bh3 Rxd1+ 19. Rxd1 Rd8 20. Rd2
b5 21. a3 Bg6 22. Bf5 Bxf5 23. Qxf5 bxc4 24. Qe6+ Kf8 25. Qxc4 Rxd2 26.
Nxd2 Qd7 27. axb4 Qxd2 28. Qxc6 Qxb2 29. Qc8+ Kf7 30. Qc4+ Kg6 31. Qg4+ Kf7
32. Qe4 Ke8 33. Qc6+ Kd8 34. Qb6+ Kd7 35. Qb7+ Ke6 36. Qc8+ Kf7 37. Qc4+
1/2-1/2

[Event "ECC"]
[Site "Rethymnon GRE"]
[Date "2003.10.01"]
[Round "4"]
[White "Benderac,S"]
[Black "Meessen,R"]
[Result "1-0"]
[WhiteElo "2345"]
[BlackElo "2279"]
[EventDate "2003.09.28"]

1. e4 e6 2. d4 d5 3. Nc3 Bb4 4. e5 c5 5. a3 Bxc3+ 6. bxc3 Qc7 7. Nf3 b6 8.
Bb5+ Bd7 9. a4 Bxb5 10. axb5 a5 11. O-O Nd7 12. c4 Ne7 13. cxd5 Nxd5 14. c4
Nb4 15. d5 Nxe5 16. d6 Nxf3+ 17. Qxf3 Qd8 18. d7+ Kf8 19. Bf4 f6 20. Bc7
1-0

[Event "ECC"]
[Site "Rethymnon GRE"]
[Date "2003.10.01"]
[Round "4"]
[White "Huesmann,T"]
[Black "Batinic,P"]
[Result "1/2-1/2"]
[WhiteElo "2282"]
[BlackElo "2191"]
[EventDate "2003.09.28"]

1. e4 c6 2. d4 d5 3. exd5 cxd5 4. Bd3 Nc6 5. c3 Nf6 6. Bf4 Bg4 7. Qb3 Qc8
8. Nd2 e6 9. h3 Bh5 10. Ngf3 Bg6 11. Bxg6 hxg6 12. O-O Be7 13. Rfe1 O-O 14.
Ne5 Nxe5 15. Bxe5 Nd7 16. Bf4 Qc6 17. Nf3 Bd6 18. Bxd6 Qxd6 19. Ne5 Nxe5
20. Rxe5 Qc6 21. Rae1 b5 22. h4 Rae8 23. R5e3 Qc4 24. Qxc4 bxc4 25. b4 cxb3
26. axb3 Rb8 27. c4 dxc4 28. bxc4 a5 29. d5 exd5 30. cxd5 Rfd8 31. Rd1 Rd6
32. g3 a4 1/2-1/2

[Event "ECC"]
[Site "Rethymnon GRE"]
[Date "2003.10.01"]
[Round "4"]
[White "Plakalovic,P"]
[Black "Petzold,K"]
[Result "1-0"]
[WhiteElo "2168"]
[BlackElo "2275"]
[EventDate "2003.09.28"]

1. e4 c6 2. d4 d5 3. Nc3 dxe4 4. Nxe4 Nd7 5. Ng5 Ngf6 6. Bd3 e6 7. N1f3 Bd6
8. Qe2 h6 9. Ne4 Nxe4 10. Qxe4 Nf6 11. Qe2 Qc7 12. O-O b6 13. b3 Bb7 14.
Bb2 O-O 15. Ne5 c5 16. dxc5 Qxc5 17. Rad1 Rad8 18. c4 Ba8 19. Rfe1 Rfe8 20.
Bb1 Kf8 21. Rd3 Bb8 22. b4 Qc7 23. Rg3 Qe7 24. Qe3 Bd6 25. Rxg7 Bxe5 26.
Qxh6 Qc7 27. Bxe5 Qxe5 28. Rg5+ Ke7 29. Rgxe5 1-0

[Event "ECC"]
[Site "Rethymnon GRE"]
[Date "2003.10.01"]
[Round "4"]
[White "Boe,M"]
[Black "Cast,A"]
[Result "1-0"]
[WhiteElo "2366"]
[BlackElo "2104"]
[EventDate "2003.09.28"]

1. e4 e6 2. d4 d5 3. e5 c5 4. c3 Nc6 5. Be3 Bd7 6. Nf3 cxd4 7. cxd4 Qb6 8.
Qd2 Rc8 9. Nc3 Na5 10. Rc1 Nc4 11. Bxc4 Rxc4 12. O-O Ne7 13. a3 Ng6 14. h4
Be7 15. h5 Nh4 16. Nxh4 Bxh4 17. h6 gxh6 18. Ne4 Rxc1 19. Nd6+ Ke7 20. Rxc1
Rg8 21. Bxh6 Rg4 22. Rc8 Bc6 23. Be3 f6 24. Rh8 Kd7 25. Rxh7+ Kd8 26. f3
1-0

[Event "ECC"]
[Site "Rethymnon GRE"]
[Date "2003.10.01"]
[Round "4"]
[White "Ochsner,T"]
[Black "Sinnett,G"]
[Result "1/2-1/2"]
[WhiteElo "2362"]
[BlackElo "2010"]
[EventDate "2003.09.28"]

1. e4 e6 2. d4 d5 3. Nd2 Nf6 4. e5 Nfd7 5. Bd3 c5 6. c3 Nc6 7. Ne2 cxd4 8.
cxd4 f6 9. exf6 Qxf6 10. Nf3 h6 11. O-O Bd6 12. Bc2 O-O 13. Qd3 Rd8 14. Ng3
Nf8 15. a3 Bd7 16. Re1 Be8 17. Qe3 Rac8 18. Bb3 Na5 19. Ne5 Nxb3 20. Qxb3
b6 21. Be3 Ng6 22. Nxg6 Qxg6 23. Ne2 Qc2 24. Qa2 Qc4 25. Bf4 Qxa2 1/2-1/2

[Event "ECC"]
[Site "Rethymnon GRE"]
[Date "2003.10.01"]
[Round "4"]
[White "Brady,S"]
[Black "Mueller,Ka"]
[Result "1/2-1/2"]
[WhiteElo "2336"]
[BlackElo "2521"]
[EventDate "2003.09.28"]

1. e4 d5 2. exd5 Qxd5 3. Nc3 Qa5 4. Bc4 Nf6 5. d4 Nc6 6. Nge2 Be6 7. Bb5
O-O-O 8. Be3 Bd5 9. O-O e5 10. Nxd5 Qxb5 11. Nec3 Qxb2 12. Rb1 Qa3 13. Nb5
Qa4 14. Nxf6 gxf6 15. d5 Nd4 16. Bxd4 exd4 17. Qg4+ Rd7 18. c4 Bc5 19. Rfc1
Re8 20. Nxd4 Qxa2 21. Qf4 Qa6 22. Nb3 Qd6 23. Qg4 b6 24. Re1 Red8 25. Nd2
f5 26. Qxf5 Qg6 27. Qf3 Kb8 28. Ne4 Bf8 29. h3 Re7 30. Nc3 Rxe1+ 31. Rxe1
Bb4 32. Re2 a5 33. Nb5 Bc5 34. g3 Rc8 35. Kh2 h5 36. Nc3 h4 1/2-1/2

[Event "ECC"]
[Site "Rethymnon GRE"]
[Date "2003.10.01"]
[Round "4"]
[White "Schlosser,M"]
[Black "Fitzpatrick,B"]
[Result "1-0"]
[WhiteElo "2367"]
[BlackElo "2052"]
[EventDate "2003.09.28"]

1. e4 c5 2. Nf3 Nc6 3. d4 cxd4 4. Nxd4 e5 5. Nb5 d6 6. Be3 a6 7. N5c3 Nf6
8. Bc4 Be7 9. f3 O-O 10. a4 Nb4 11. Qd2 Be6 12. Nd5 Nbxd5 13. exd5 Bd7 14.
a5 Nh5 15. O-O f5 16. Be2 Kh8 17. c4 h6 18. g3 Qe8 19. f4 exf4 20. gxf4 Nf6
21. Nc3 Ne4 22. Nxe4 fxe4 23. Kh1 Bf5 24. Rg1 Bf6 25. Rac1 Rc8 26. b4 Qd7
27. Qd1 Bb2 28. Rb1 Bf6 29. Qb3 Qd8 30. Rbc1 Qd7 31. c5 Rfd8 32. c6 Qf7 33.
b5 axb5 34. cxb7 Qxb7 35. Qxb5 Qxb5 36. Bxb5 Rc3 37. Rxc3 Bxc3 38. a6 Ra8
39. a7 Bd2 40. Bxd2 Rxa7 41. Be3 Ra5 42. Bc6 g6 43. Bd4+ 1-0

[Event "ECC"]
[Site "Rethymnon GRE"]
[Date "2003.10.01"]
[Round "4"]
[White "O'Donovan,R"]
[Black "Kotz,H"]
[Result "1-0"]
[WhiteElo "2162"]
[BlackElo "2354"]
[EventDate "2003.09.28"]

1. e4 e5 2. Nf3 Nc6 3. d4 exd4 4. Nxd4 Nf6 5. Nxc6 bxc6 6. e5 Qe7 7. Qe2
Nd5 8. c4 Nb6 9. b3 a5 10. Bb2 a4 11. Nd2 axb3 12. axb3 Rxa1+ 13. Bxa1 Qa3
14. Qd1 Bb4 15. Bd3 Qa5 16. Bb2 d5 17. Qc2 dxc4 18. bxc4 Na4 19. Bd4 O-O
20. O-O Bxd2 21. Ra1 Bg5 22. Rxa4 Qe1+ 23. Bf1 Bf4 24. g3 Bxe5 25. Ra1 Qxa1
26. Bxa1 Bxa1 27. Qa4 Be5 28. Qxc6 Be6 29. f4 Bd4+ 30. Kg2 h5 31. f5 Bc8
32. Be2 h4 33. g4 Be5 34. Bf3 Rd8 35. Bd5 Bd7 36. Qg6 Be8 37. Qg5 Bf6 38.
Qf4 c6 39. Bf3 Kf8 40. g5 Bc3 41. f6 Rd2+ 42. Kf1 Bd7 43. Qb8+ Be8 44.
fxg7+ Kxg7 45. Qxe8 Bd4 46. Qxc6 Rxh2 47. Qh6+ Kg8 48. Bd5 Rf2+ 49. Ke1 1-0

[Event "ECC"]
[Site "Rethymnon GRE"]
[Date "2003.10.01"]
[Round "4"]
[White "Gretarsson,H"]
[Black "Wukits,R"]
[Result "1-0"]
[WhiteElo "2513"]
[BlackElo "2288"]
[EventDate "2003.09.28"]

1. d4 e6 2. c4 Nf6 3. Nf3 c5 4. d5 exd5 5. cxd5 d6 6. Nc3 g6 7. h3 Bg7 8.
e4 a6 9. Bd3 O-O 10. O-O Nh5 11. Bg5 Bf6 12. Be3 Nd7 13. Nd2 b5 14. a3 Re8
15. Rc1 Bb7 16. g4 Ng7 17. Nf3 Ne5 18. Nxe5 Bxe5 19. Qd2 f5 20. f3 Rc8 21.
Ne2 Bf6 22. Ng3 Bxd5 23. g5 Be5 24. f4 fxe4 25. Bxb5 Bd4 26. Bxd4 cxd4 27.
Bxe8 d3 28. Ba4 Rb8 29. Qe3 Rxb2 30. Rb1 Rxb1 31. Rxb1 1-0

[Event "ECC"]
[Site "Rethymnon GRE"]
[Date "2003.10.01"]
[Round "4"]
[White "Schwaninger,W"]
[Black "Sigfusson,S"]
[Result "1/2-1/2"]
[WhiteElo "2207"]
[BlackElo "2323"]
[EventDate "2003.09.28"]

1. c4 Nf6 2. g3 e5 3. Bg2 Nc6 4. Nc3 d6 5. d3 Be7 6. Nf3 h6 7. a3 Bg4 8. b4
Qc8 9. O-O O-O 10. Bb2 Bh3 11. Nd5 Nxd5 12. cxd5 Bxg2 13. Kxg2 Nb8 14. Rc1
f5 15. Qb3 Kh8 16. Qc4 Bd8 17. Nd2 Nd7 18. f4 Nb6 19. Qb3 exf4 20. gxf4 Bf6
21. Bxf6 Rxf6 22. Rf3 Qd7 23. a4 Nxa4 24. Qc2 Rf7 25. Qc4 Re8 26. e3 Nb6
27. Qd4 Qb5 28. e4 fxe4 29. dxe4 Rfe7 30. f5 Qe2+ 31. Rf2 Qg4+ 32. Kh1 Rxe4
33. Nxe4 Rxe4 34. Qd3 Rd4 35. Qe3 Nxd5 36. Qe8+ Kh7 37. Qg6+ Qxg6 38. fxg6+
Kxg6 39. Rg1+ Kh5 40. Rxg7 Nf4 41. h3 Nxh3 42. Rf5+ Ng5 43. Rxc7 Rxb4 44.
Rd5 Rb2 45. Rxd6 a5 46. Rc5 a4 47. Ra5 Rb4 48. Kg2 Kg4 49. Rxh6 Ne4 50. Kf1
b5 51. Rb6 Nc3 52. Rc6 Rb3 53. Ke1 a3 54. Kd2 Na4 55. Rxa4+ bxa4 56. Rc4+
1/2-1/2

[Event "ECC"]
[Site "Rethymnon GRE"]
[Date "2003.10.01"]
[Round "4"]
[White "Asmundsson,I"]
[Black "Kreindl,H"]
[Result "0-1"]
[WhiteElo "2321"]
[BlackElo "2201"]
[EventDate "2003.09.28"]

1. f4 d5 2. Nf3 Nf6 3. e3 Bg4 4. d4 e6 5. Bd3 Ne4 6. O-O f5 7. Qe1 Nd7 8.
Ne5 Nxe5 9. fxe5 Be7 10. c4 O-O 11. Nc3 c6 12. Bd2 Bh4 13. g3 Be7 14. Nxe4
dxe4 15. Be2 Bh3 16. Rf2 c5 17. Bc3 Bg5 18. Bf1 cxd4 19. Bxd4 Bxf1 20. Qxf1
Qc7 21. Qe2 Be7 22. b3 Bc5 23. Qb2 Rad8 24. Rd1 b6 25. a3 Rf7 26. Rfd2 Rfd7
27. b4 Bxd4 28. Rxd4 Qxe5 29. Rxd7 Qxb2 30. Rxd8+ Kf7 31. R8d7+ Kf6 32. c5
bxc5 33. bxc5 Qxa3 34. c6 Qxe3+ 35. Kg2 Qf3+ 36. Kh3 g5 37. c7 g4+ 38. Kh4
Qe3 0-1

[Event "ECC"]
[Site "Rethymnon GRE"]
[Date "2003.10.01"]
[Round "4"]
[White "Lenz,A"]
[Black "Bjornsson,S"]
[Result "0-1"]
[WhiteElo "2189"]
[BlackElo "2302"]
[EventDate "2003.09.28"]

1. c4 Nf6 2. Nf3 g6 3. Nc3 Bg7 4. e4 d6 5. d4 O-O 6. h3 e5 7. d5 Nbd7 8.
Bg5 a5 9. g4 Nc5 10. Nd2 c6 11. Rg1 Qe8 12. h4 h6 13. Be3 Nfd7 14. Qc2 Nb8
15. O-O-O Nba6 16. Nb3 Nb4 17. Qb1 Nxb3+ 18. axb3 cxd5 19. Nxd5 Nxd5 20.
Rxd5 Be6 21. Rd2 b5 22. Qd3 bxc4 23. bxc4 Bxc4 24. Qxd6 Bxf1 25. Rxf1 Qa4
26. Qd3 Rad8 27. Qxd8 Qa1+ 28. Kc2 Qxf1 29. Qd3 Rc8+ 30. Kb3 Qa1 31. Qd5
Bf8 0-1

[Event "ECC"]
[Site "Rethymnon GRE"]
[Date "2003.10.01"]
[Round "4"]
[White "Edvardsson,K"]
[Black "Zsifkovits,R"]
[Result "1-0"]
[WhiteElo "2253"]
[BlackElo "2118"]
[EventDate "2003.09.28"]

1. c4 e6 2. g3 d5 3. d4 c6 4. Bg2 Nf6 5. Nf3 Bd6 6. O-O O-O 7. Qc2 Ne4 8.
Nbd2 f5 9. b3 b6 10. Bb2 Bb7 11. Rad1 Nd7 12. Ne5 Nxd2 13. Rxd2 Nxe5 14.
dxe5 Bb4 15. Rd3 Qe7 16. Rfd1 Rac8 17. Qc1 a5 18. e3 b5 19. a3 Bc5 20. Bf1
Ba6 21. Rc3 b4 22. axb4 Bxb4 23. Rc2 Qb7 24. Ba3 Rb8 25. cxd5 Bxf1 26. dxc6
Qb5 27. Rxf1 Qxe5 28. Bxb4 axb4 29. Rd1 Rbc8 30. Rc5 Qf6 31. Qc4 g5 32. Rd6
Rfe8 33. Qxb4 h5 34. Qd4 Qg6 35. h4 gxh4 36. Qxh4 Qg7 37. Rd7 Qg6 38. c7 e5
39. Qc4+ Kh8 40. Rc6 1-0

[Event "ECC"]
[Site "Rethymnon GRE"]
[Date "2003.10.01"]
[Round "4"]
[White "Ostenstad,B"]
[Black "Cekro,E"]
[Result "1-0"]
[WhiteElo "2469"]
[BlackElo "2441"]
[EventDate "2003.09.28"]

1. c4 Nf6 2. Nc3 e5 3. Nf3 Nc6 4. a3 d5 5. cxd5 Nxd5 6. Qc2 Be7 7. e3 O-O
8. Be2 Nb6 9. b4 a6 10. Bb2 Be6 11. O-O Nc4 12. Bc1 Nd6 13. d3 f5 14. Bb2
Bf6 15. Rad1 Qe8 16. d4 e4 17. d5 exf3 18. Bxf3 Ne5 19. dxe6 Nxf3+ 20. gxf3
Qxe6 21. Nd5 Bxb2 22. Qxb2 Qg6+ 23. Kh1 Qh5 24. Qe2 Qf7 25. Rg1 Kh8 26. Qc2
c6 27. Nf4 Nc4 28. Qc3 Rae8 29. Nh5 Rg8 30. Nxg7 Rxg7 31. Rxg7 Qxg7 32.
Qxc4 Rg8 33. Qd4 h6 34. Qxg7+ Rxg7 35. Rd6 Rc7 36. Rf6 c5 37. bxc5 Rxc5 38.
Rxh6+ Kg8 39. Rb6 Ra5 40. Rxb7 Rxa3 41. f4 Ra5 42. Kg2 Rc5 43. Rd7 Rc6 44.
h4 Kf8 45. Kg3 Rh6 46. Rc7 Rg6+ 47. Kh3 Rg7 48. Rc5 Rf7 49. h5 Kg7 50. Kh4
Ra7 51. Ra5 Kh6 52. f3 Ra8 53. e4 Ra7 54. Kg3 Rf7 55. Rxa6+ Kxh5 56. e5 Rf8
57. Kf2 Rf7 58. Ke3 Rb7 59. Rf6 1-0

[Event "ECC"]
[Site "Rethymnon GRE"]
[Date "2003.10.01"]
[Round "4"]
[White "Gulbas,C"]
[Black "Tisdall,J"]
[Result "1-0"]
[WhiteElo "2340"]
[BlackElo "2481"]
[EventDate "2003.09.28"]

1. e4 c5 2. Nf3 d6 3. d4 cxd4 4. Nxd4 Nf6 5. Nc3 a6 6. Be3 e5 7. Nb3 Be6 8.
f3 h5 9. Qd2 Nbd7 10. O-O-O Be7 11. Kb1 Qc7 12. g3 Nb6 13. Bxb6 Qxb6 14.
Nd5 Nxd5 15. exd5 Bd7 16. Bd3 a5 17. Qe2 g6 18. Nd2 Rb8 19. h3 O-O 20. g4
Bf6 21. Nc4 Qb4 22. a3 Qc5 23. gxh5 e4 24. Qxe4 b5 25. Nxa5 b4 26. Nb3 Qa7
27. hxg6 Bg7 28. axb4 f5 29. Qh4 Rfc8 30. Rhe1 Rxb4 31. Qxb4 Ra8 32. Re7
Qa2+ 33. Kc1 Bxb2+ 34. Kd2 Qa7 35. Qh4 1-0

[Event "ECC"]
[Site "Rethymnon GRE"]
[Date "2003.10.01"]
[Round "4"]
[White "Hammerstad,A"]
[Black "Dal Borgo,A"]
[Result "1/2-1/2"]
[WhiteElo "2180"]
[BlackElo "2224"]
[EventDate "2003.09.28"]

1. d4 d5 2. c4 c6 3. e3 Bf5 4. cxd5 cxd5 5. Qb3 Qc7 6. Bb5+ Nd7 7. Nc3 e6
8. Nf3 Ngf6 9. Bd2 a6 10. Be2 Bd6 11. Rc1 Qb6 12. Nh4 Qxb3 13. axb3 Bg6 14.
Nxg6 hxg6 15. h3 Ke7 16. O-O Rhc8 17. Bd3 Nb6 18. g4 Nfd7 1/2-1/2

[Event "ECC"]
[Site "Rethymnon GRE"]
[Date "2003.10.01"]
[Round "4"]
[White "Teterev,V"]
[Black "Clarke,T"]
[Result "1-0"]
[WhiteElo "2497"]
[BlackElo "2128"]
[EventDate "2003.09.28"]

1. e4 e5 2. Nf3 Nc6 3. Bb5 f5 4. d3 Nf6 5. Nc3 Bb4 6. O-O Bxc3 7. bxc3 fxe4
8. dxe4 d6 9. Qd3 O-O 10. c4 Bd7 11. c5 dxc5 12. Qc4+ Kh8 13. Bxc6 Bxc6 14.
Nxe5 Bxe4 15. Qxc5 b6 16. Qc3 Bb7 17. Bb2 Qd5 18. Qh3 Qe4 19. f3 Qe3+ 20.
Kh1 Bc8 21. Qh4 Bf5 22. Qc4 Qc5 23. Nf7+ Rxf7 24. Qxf7 Rf8 25. Qb3 Bxc2 26.
Ba3 Qf5 27. Qc3 c5 28. Rfe1 h5 29. Rac1 Ba4 30. Bb2 Bc6 31. Re5 Qg6 32. Qc4
Rd8 33. h4 Qg3 34. Rg5 Qf2 35. Bxf6 gxf6 36. Rxh5+ Kg7 37. Qg4+ Kf8 38.
Rh8+ 1-0

[Event "ECC"]
[Site "Rethymnon GRE"]
[Date "2003.10.01"]
[Round "4"]
[White "Scannell,S"]
[Black "Lukashok,A"]
[Result "1/2-1/2"]
[WhiteElo "2155"]
[BlackElo "2390"]
[EventDate "2003.09.28"]

1. d4 g6 2. c4 Nf6 3. Nc3 Bg7 4. e4 O-O 5. f4 d6 6. Nf3 c5 7. d5 a6 8. a4
e6 9. Bd3 exd5 10. cxd5 Bg4 11. O-O Nbd7 12. h3 Bxf3 13. Qxf3 Qc7 14. Be3
Rfe8 15. Rad1 Rab8 16. Rfe1 c4 17. Bc2 b5 18. axb5 axb5 19. Ne2 Nc5 20. e5
dxe5 21. fxe5 Nfd7 22. e6 fxe6 23. dxe6 Nxe6 24. Rf1 Nf6 25. Nd4 Rb6 26.
Be4 Nxd4 27. Rxd4 Rbe6 28. Bd5 Nxd5 29. Qxd5 Qc6 30. Qxc6 Rxc6 31. Rd2 Bxb2
32. Rxb2 Rxe3 33. Rxb5 Rc7 34. Rf2 Rb3 35. Ra5 c3 36. Raa2 Rcb7 37. Rac2
Kg7 38. Rf3 Rc7 39. Kh2 Rc4 40. Kg1 g5 41. Kf1 Rf4 42. Rxf4 gxf4 43. Ke2
Kf6 44. Kd3 Kg5 45. Rxc3 Rb2 46. Rc2 Rxc2 47. Kxc2 Kh4 48. Kd3 Kg3 49. Ke4
h5 50. h4 Kg4 51. Ke5 Kxh4 1/2-1/2

[Event "ECC"]
[Site "Rethymnon GRE"]
[Date "2003.10.01"]
[Round "4"]
[White "Kiik,K"]
[Black "Cobb,C"]
[Result "1/2-1/2"]
[WhiteElo "2439"]
[BlackElo "2393"]
[EventDate "2003.09.28"]

1. e4 e6 2. d3 d5 3. Qe2 Nc6 4. Nf3 dxe4 5. dxe4 e5 6. c3 Nf6 7. g3 a5 8.
Bg2 Bc5 9. O-O O-O 10. Nbd2 b6 11. Nc4 Ba6 12. b3 Ne8 13. Nh4 Ne7 14. Bg5
h6 15. Be3 Bxe3 16. Qxe3 Nd6 17. Rfd1 Nxc4 18. bxc4 Qc8 19. c5 Qe6 1/2-1/2

[Event "ECC"]
[Site "Rethymnon GRE"]
[Date "2003.10.01"]
[Round "4"]
[White "Kett,T"]
[Black "Nyysti,S"]
[Result "1/2-1/2"]
[WhiteElo "2145"]
[BlackElo "2399"]
[EventDate "2003.09.28"]

1. e4 e5 2. Nc3 Nf6 3. Bc4 Nc6 4. d3 Bb4 5. Nge2 d5 6. exd5 Nxd5 7. O-O
Bxc3 8. Nxc3 Nxc3 9. bxc3 O-O 10. Qh5 Qf6 11. f4 g6 12. Qh6 Be6 13. fxe5
Qxe5 14. Bg5 Qg7 15. Qh4 Rfe8 16. Bf6 Qf8 17. Bb3 Bxb3 18. axb3 Re2 19. Rf3
Rae8 20. Rh3 h5 21. Qg5 Re1+ 22. Rxe1 Rxe1+ 23. Kf2 Qe8 24. Re3 Rxe3 25.
Qxe3 1/2-1/2

[Event "ECC"]
[Site "Rethymnon GRE"]
[Date "2003.10.01"]
[Round "4"]
[White "Nivala,T"]
[Black "Spice,A"]
[Result "1-0"]
[WhiteElo "2196"]
[BlackElo "2181"]
[EventDate "2003.09.28"]

1. g3 f5 2. Bg2 Nf6 3. Nf3 e6 4. O-O Be7 5. c4 O-O 6. Nc3 d6 7. d3 Qe8 8.
e4 fxe4 9. dxe4 e5 10. Nh4 Nc6 11. Nf5 Bd8 12. Be3 Qh5 13. Bf3 Qg6 14. h4
Nxe4 15. Nh6+ gxh6 16. Bxe4 Bf5 17. Bg2 Kh8 18. c5 Bxh4 19. b4 Nxb4 20. Qa4
a5 21. a3 Bxg3 22. fxg3 Qxg3 23. Rf3 Qg6 24. axb4 Rg8 25. Ra2 axb4 26. Qxa8
bxc3 27. Qxg8+ Kxg8 28. Raf2 Be6 29. Rf6 Qg4 30. Bxh6 Qd1+ 31. Bf1 1-0

[Event "ECC"]
[Site "Rethymnon GRE"]
[Date "2003.10.01"]
[Round "4"]
[White "Trevelyan,J"]
[Black "Kosmo,S"]
[Result "1/2-1/2"]
[WhiteElo "2150"]
[BlackElo "2180"]
[EventDate "2003.09.28"]

1. d4 Nf6 2. c4 c5 3. e3 cxd4 4. exd4 d5 5. Nc3 e6 6. Nf3 Be7 7. Bd3 dxc4
8. Bxc4 O-O 9. O-O Nc6 10. Bg5 a6 11. a4 Nb4 12. Re1 b6 13. d5 exd5 14.
Nxd5 Nbxd5 15. Bxd5 Nxd5 16. Bxe7 Nxe7 17. Qxd8 Rxd8 18. Rxe7 Be6 19. h3
Rd7 20. Rxd7 Bxd7 21. Ne5 Be6 22. Rd1 a5 23. Rd6 Bb3 24. Nd7 f6 25. Nxb6
Re8 26. Rd3 Re1+ 27. Kh2 Be6 28. Kg3 Kf7 29. Rc3 Re4 30. Rc7+ Kf8 31. Nd7+
Bxd7 32. Rxd7 Rxa4 1/2-1/2

[Event "ECC"]
[Site "Rethymnon GRE"]
[Date "2003.10.01"]
[Round "4"]
[White "Davies,Pe"]
[Black "Saastamoinen,A"]
[Result "0-1"]
[WhiteElo "2042"]
[BlackElo "2170"]
[EventDate "2003.09.28"]

1. d4 Nf6 2. Nf3 e6 3. c4 b6 4. g3 Ba6 5. Qa4 Bb7 6. Bg2 c5 7. e3 Be7 8.
O-O O-O 9. Nc3 d6 10. Qc2 cxd4 11. exd4 Nbd7 12. b3 Rc8 13. Bb2 a6 14. Qe2
Rc7 15. Rac1 Re8 16. Rfe1 Qa8 17. d5 Bf8 18. Qd1 exd5 19. cxd5 b5 20. a3
Nb6 21. Qd4 Nbxd5 22. Nxd5 Nxd5 23. Rxe8 Rxc1+ 24. Re1 Rxe1+ 25. Nxe1 Nf6
26. Bxb7 Qxb7 27. Nd3 Ne4 28. Nf4 Ng5 29. Qd5 Qe7 30. h4 Qe1+ 31. Kg2 Ne4
32. Qd4 Nd2 33. Qc3 Qf1+ 34. Kh2 Qxf2+ 35. Kh3 Ne4 36. Qd3 Qxf4 0-1

[Event "ECC"]
[Site "Rethymnon GRE"]
[Date "2003.10.01"]
[Round "4"]
[White "Arduman,C"]
[Black "Tzermiadianos,And"]
[Result "1/2-1/2"]
[WhiteElo "2336"]
[BlackElo "2418"]
[EventDate "2003.09.28"]

1. Nf3 Nf6 2. c4 g6 3. Nc3 Bg7 4. g3 O-O 5. Bg2 d6 6. O-O Nc6 7. d4 Bf5 8.
d5 Na5 9. Nd4 Bd7 10. b3 c5 11. dxc6 Nxc6 12. Bb2 Rc8 13. Nc2 a6 14. Nd5
Nxd5 15. Bxg7 Kxg7 16. cxd5 Ne5 17. h3 Qb6 18. Kh2 f6 19. f4 Nf7 20. Nd4
Qb4 21. a3 Qc3 22. Ra2 Rfe8 23. Rf3 1/2-1/2

[Event "ECC"]
[Site "Rethymnon GRE"]
[Date "2003.10.01"]
[Round "4"]
[White "Ipek,A"]
[Black "Mastrokoukos,G"]
[Result "0-1"]
[WhiteElo "2232"]
[BlackElo "2363"]
[EventDate "2003.09.28"]

1. d4 Nf6 2. Nf3 c5 3. d5 g6 4. c4 b5 5. cxb5 a6 6. b6 Qxb6 7. Nc3 Bg7 8.
e4 O-O 9. Be2 a5 10. O-O d6 11. Nd2 Ba6 12. Nc4 Bxc4 13. Bxc4 a4 14. a3 Qa5
15. Qe2 Nfd7 16. Bd2 Qc7 17. Bb5 Nb6 18. Qd1 N8d7 19. Rb1 Rfb8 20. Qc2 Ra7
21. Bc6 Qc8 22. Nxa4 Ne5 23. Nxb6 Rxb6 24. Ba4 Qa6 25. b3 Qe2 26. Rbe1 Qd3
27. Qd1 Qa6 28. Qc2 Nd3 29. Rb1 Nb2 30. Bc3 Nxa4 31. bxa4 Rxb1 32. Rxb1 Ra8
33. Bxg7 Kxg7 34. Qc3+ f6 35. Qh3 Qxa4 36. Qe6 Ra7 37. g3 Qd7 38. Qxd7 Rxd7
39. a4 Ra7 40. Ra1 Ra5 41. f3 Kf7 42. Kf2 Ke8 43. Ke3 Kd7 44. Kd3 Kc7 45.
Kc4 Ra8 46. h4 Rb8 47. g4 Rb4+ 48. Kd3 Kb6 49. f4 Ka5 50. f5 gxf5 51. gxf5
Rb3+ 52. Kd2 Rh3 53. Rg1 Rxh4 54. Kd3 Rh3+ 55. Kd2 Kxa4 56. Rg7 Kb4 57.
Rxe7 Kc4 58. Re6 Kd4 59. Rxf6 Rh2+ 60. Ke1 Ke3 61. Kf1 Rf2+ 62. Kg1 Rf4 63.
Rxd6 Kxe4 64. Rd8 Rxf5 65. d6 Kd5 66. Kg2 Rf7 67. Kg3 Kc6 68. Kg4 Rd7 69.
Rc8+ Kxd6 70. Kf4 Re7 71. Rd8+ Kc6 72. Rd1 c4 73. Rc1 Kc5 74. Kf3 Kd4 75.
Kf2 Kd3 76. Rd1+ Kc2 77. Rd5 c3 78. Rb5 Kc1 79. Kf3 c2 80. Kf2 Re4 81. Kf3
Kd2 82. Rd5+ Ke1 83. Kxe4 c1=Q 84. Rf5 Qc4+ 85. Kf3 h5 86. Rf4 Qe2+ 87. Kg3
Qe3+ 88. Rf3 h4+ 89. Kg4 Qe2 90. Kf4 Qh2+ 91. Kg4 Qg2+ 92. Kf4 h3 93. Re3+
Kf2 94. Ra3 h2 0-1